Times por Escudo - Primeira División 2024 (Paraguai) - Statistics

Estatísticas Gerais
  • Esse quiz foi jogado 58 vezes
  • A pontuação média é 8 de 12
Estatísticas das Respostas
Imagem Resposta % Correto
Olimpia
98%
Libertad
96%
Cerro Porteño
92%
Nacional
92%
Guaraní
90%
Sol de América
77%
Sportivo Luqueño
58%
Sportivo Ameliano
46%
General Caballero JLM
38%
Tacuary
38%
Trinidense
31%
2 de Mayo
23%
Nenhum quiz correspondente encontrado
Distribuição das Pontuações
Porcentagem de Pessoas com Cada Pontuação
Percentil de Números Respondidos
Sua Pontuação Histórica
Você não jogou esse quiz